Statistics for London Train Terminals

Click here to take the quiz!

General Stats

  • This quiz has been taken 1,034 times
  • The average score is 10 of 18

Answer Stats

Answer% Correct
Kings Cross
93%
Waterloo
88%
Paddington
85%
Euston
83%
Victoria
83%
St Pancras International
80%
Liverpool Street
74%
London Bridge
68%
Charing Cross
61%
Marylebone
57%
Fenchurch Street
51%
Blackfriars
50%
Cannon Street
42%
Moorgate
32%
Waterloo East
30%
Vauxhall
21%
City Thameslink
17%
Old Street
17%

Score Distribution

Percentile by Number Answered

Percent of People with Each Score

Your Score History

You have not taken this quiz